|
|
|
|
| LEADER |
01170cam a2200289 7i4500 |
| 001 |
0000035941 |
| 005 |
20190327090000.0 |
| 007 |
##ta |
| 008 |
190327s2018 fr o 000 0 eng d |
| 020 |
# |
# |
|a x
|
| 040 |
# |
# |
|a MATR
|
| 090 |
0 |
0 |
|a I 338.109177
|b OEC
|
| 245 |
0 |
0 |
|a OECD-FAO Agricultural Outlook 2018-2027 :
|b SPECIAL FOCUS : MIDDLE EAST AND NORTH AFRICA.
|
| 264 |
# |
1 |
|a Paris:
|b OECD Publishing,
|c 2018.
|
| 300 |
# |
# |
|a 317 pages:
|b illustrations;
|c 28 cm.
|
| 336 |
# |
# |
|a text
|2 rdacontent
|
| 337 |
# |
# |
|a unmediated
|2 rdamedia
|
| 338 |
# |
# |
|a volume
|2 rdacarrier
|
| 504 |
# |
# |
|a Includes bibliographical references
|
| 650 |
# |
0 |
|a Agriculture and state --
|z OECD countries
|
| 650 |
# |
0 |
|a Agriculture --
|x Economic aspects --
|x Forecasting --
|z OECD countries
|
| 650 |
# |
0 |
|a Agriculture --
|x Economic aspects --
|x Forecasting --
|z Middle East
|
| 650 |
# |
0 |
|a Agriculture --
|x Economic aspects --
|x Forecasting --
|z North Africa
|
| 650 |
# |
0 |
|a Agriculture and state --
|z Middle East
|
| 650 |
# |
0 |
|a Agriculture and state --
|z North Africa
|
| 710 |
2 |
# |
|a Food and Agriculture Organization of the United Nations
|
| 999 |
|
|
|a 0000040459
|b Book
|c International
|e Business Information Centre
|